书目信息 |
| 题名: |
工具行为在人类演化中的作用研究
|
|
| 作者: | 山郁林, 著 | |
| 分册: | ||
| 出版信息: | 北京 中国社会科学出版社 2020.12 |
|
| 页数: | 359页 | |
| 开本: | 24cm | |
| 丛书名: | 马克思主义中国化丛书 | |
| 单 册: | ||
| 中图分类: | F014.2 , Q981.1 | |
| 科图分类: | ||
| 主题词: | 马克思主义政治经济学--ma ke si zhu yi zheng zhi jing ji xue--生产工具--作用--人类进化--研究 | |
| 电子资源: | ||
| ISBN: | 978-7-5203-7625-9 | |
| 000 | 01900nam 2200337 450 | |
| 001 | 202021192912 | |
| 005 | 20211025120136.0 | |
| 010 | @a978-7-5203-7625-9@dCNY119.00 | |
| 092 | @aCN@bRt966-1656 | |
| 100 | @a20210925d2020 em y0chiy50 ea | |
| 101 | 0 | @achi |
| 102 | @aCN@b110000 | |
| 105 | @ay a 000yy | |
| 106 | @ar | |
| 200 | 1 | @a工具行为在人类演化中的作用研究@Agong ju xing wei zai ren lei yan hua zhong de zuo yong yan jiu@f山郁林著 |
| 210 | @a北京@c中国社会科学出版社@d2020.12 | |
| 215 | @a359页@d24cm | |
| 225 | 2 | @a马克思主义中国化丛书@Ama ke si zhu yi zhong guo hua cong shu |
| 300 | @a本书为国家社会科学基金重大项目“生物哲学重要问题研究”阶段性成果 | |
| 314 | @a山郁林, 北京师范大学哲学博士, 现任西北师范大学马克思主义学院副教授。 | |
| 320 | @a有书目 (第343-355页) | |
| 330 | @a本书以开启劳动的工具行为作为切入点, 把工具问题作为人类起源和演化的基本线索, 概括了以构建“荒野记忆”为主要编史方式的人类起源和演化历程的基本内容, 表达了工具行为视角的人类自然史观念。在综合考察环境变化、直立行走、手足分工、食性转变、脑量增大、意识完善、协作沟通、语言生成、迁徙扩散、基因突变、文化创造和工具行为关系的基础上, 以必须依赖“内在尺度”的工具行为将诸方面统一起来, 认为起始于工具行为的劳动是人类演化过程中诸多适应性的集合, 是适应机制、动力机制和代价机制的综合体现。本书结合新的科学证据, 对马克思主义的“劳动创造了人”这一经典命题进行了深入的哲学分析, 尝试使之在新的时代背景下焕发出新的生机, 具有重要的理论意义和现实意义, 可以在一定程度上弥补国内外对这个问题研究的缺失, 并充分展现这一经典命题的理论预见性。 | |
| 410 | 0 | @12001 @a马克思主义中国化丛书 |
| 606 | 0 | @a马克思主义政治经济学@Ama ke si zhu yi zheng zhi jing ji xue@x生产工具@x作用@x人类进化@x研究 |
| 690 | @aF014.2@v5 | |
| 690 | @aQ981.1@v5 | |
| 701 | 0 | @a山郁林,@Ashan yu lin@f1971-@4著 |
| 801 | 0 | @aCN@c20210909 |
| 901 | @a中国社会科学出版社 | |
| 905 | @a河南城建学院图书馆@dF014.2@eS143 | |
| 997 | @a期货 | |
| 工具行为在人类演化中的作用研究/山郁林著.-北京:中国社会科学出版社,2020.12 |
| 359页;24cm.-(马克思主义中国化丛书) |
| 本书为国家社会科学基金重大项目“生物哲学重要问题研究”阶段性成果 |
| ISBN 978-7-5203-7625-9:CNY119.00 |
| 本书以开启劳动的工具行为作为切入点, 把工具问题作为人类起源和演化的基本线索, 概括了以构建“荒野记忆”为主要编史方式的人类起源和演化历程的基本内容, 表达了工具行为视角的人类自然史观念。在综合考察环境变化、直立行走、手足分工、食性转变、脑量增大、意识完善、协作沟通、语言生成、迁徙扩散、基因突变、文化创造和工具行为关系的基础上, 以必须依赖“内在尺度”的工具行为将诸方面统一起来, 认为起始于工具行为的劳动是人类演化过程中诸多适应性的集合, 是适应机制、动力机制和代价机制的综合体现。本书结合新的科学证据, 对马克思主义的“劳动创造了人”这一经典命题进行了深入的哲学分析, 尝试使之在新的时代背景下焕发出新的生机, 具有重要的理论意义和现实意义, 可以在一定程度上弥补国内外对这个问题研究的缺失, 并充分展现这一经典命题的理论预见性。 |
| ● |
| 相关链接 |
|
|
|
正题名:工具行为在人类演化中的作用研究
索取号:F014.2/S143
 
预约/预借
| 序号 | 登录号 | 条形码 | 馆藏地/架位号 | 状态 | 备注 |
| 1 | 1542123 | 215421238 | 社科库409/409社科库 62排2列5层/ [索取号:F014.2/S143] | 在馆 |